MARC보기
LDR00995cam 2200253 c 4500
001000000010512
00519980902141317
008961028s1992 ulk 000a kor
020 ▼a 8973720147 ▼g 33800
040 ▼a 247024 ▼d 248032
0491 ▼l EM00017906 ▼l EM00053793 ▼c 2 ▼l GM00010234 ▼c 3
056 ▼a 858
090 ▼a 858 ▼b 프292ㅂ
1001 ▼a 프라우제, 게르하트
24510 ▼a 바보스런 천재들 / ▼d 게르하트 프라우제 지음.
260 ▼a 서울 : ▼b 동화문학사, ▼c 1992.
300 ▼a 252p ; ▼c 23cm.
50000 ▼a 겉표지에 관칭으로 ''천재들의 사생활''이 나타나 있음
653 ▼a 바보스런 ▼a 천재 ▼a 동화문학사
9500 ▼b \4500
007ta